Pays d'Amérique se superposant - Statistiques

Statistiques générales
  • Ce quiz a été pris 948 fois
  • Le résultat moyen est 29 sur 35
Réponses sur la Carte
Les réponses sont colorées sur une échelle allant du rouge au vert en fonction du pourcentage des utilisateurs qui les ont devinées à leur premier essai. Vous pouvez retrouver ces pourcentages ci-dessous.
 
Statistiques - réponses
Pays % Correct
Canada
97%
États-Unis
97%
Brésil
95%
Argentine
94%
Mexique
94%
Chili
92%
Uruguay
91%
Colombie
89%
Paraguay
89%
Pérou
89%
Venezuela
89%
Bolivie
87%
Cuba
87%
Guyana
87%
Equateur
86%
Panama
86%
Costa Rica
85%
Honduras
84%
Suriname
84%
Jamaïque
83%
Haïti
82%
Guatemala
81%
Nicaragua
81%
Belize
79%
République Dominicaine
79%
Salvador
77%
Antigua-et-Barbuda
75%
Bahamas
74%
Dominique
74%
Barbade
73%
Saint Lucie
73%
Saint-Vincent et les Grenadines
72%
Saint-Christophe-et-Niévès
69%
Trinité-et-Tobago
68%
Grenade
67%
Aucun quiz correspondant
Distribution des résultats
% des personnes avec chaque résultat
Percentile par nombre de réponses
Votre historique - résultats
Vous n’avez pas pris ce quiz